<?xml version="1.0" encoding="UTF-8"?>
<collection xmlns="http://www.loc.gov/MARC21/slim">
    <record>
        <controlfield tag="001">58574</controlfield>
        <controlfield tag="005">20170831220641.0</controlfield>
        <datafield tag="037" ind1=" " ind2=" ">
            <subfield code="a">TAZ-TFM-2016-1197</subfield>
        </datafield>
        <datafield tag="041" ind1=" " ind2=" ">
            <subfield code="a">spa</subfield>
        </datafield>
        <datafield tag="100" ind1="1" ind2=" ">
            <subfield code="a">Valladares Lafuente, Carlos</subfield>
        </datafield>
        <datafield tag="242" ind1="0" ind2="0">
            <subfield code="a">Historiography of the roman domestic architecture in Hispania: state of the matters</subfield>
        </datafield>
        <datafield tag="245" ind1="0" ind2="0">
            <subfield code="a">Historiografía de la arquitectura doméstica romana en Hispania, Estado de la cuestión.</subfield>
        </datafield>
        <datafield tag="260" ind1=" " ind2=" ">
            <subfield code="a">Zaragoza</subfield>
            <subfield code="b">Universidad de Zaragoza</subfield>
            <subfield code="c">2016</subfield>
        </datafield>
        <datafield tag="506" ind1=" " ind2=" ">
            <subfield code="a">by-nc-sa</subfield>
            <subfield code="b">Creative Commons</subfield>
            <subfield code="c">3.0</subfield>
            <subfield code="u">http://creativecommons.org/licenses/by-nc-sa/3.0/</subfield>
        </datafield>
        <datafield tag="520" ind1=" " ind2=" ">
            <subfield code="a">Las viviendas, aunque en ocasiones no tengamos esa percepción de ellas, son el cuerpo y el alma de las ciudades, las que en cierta medida dan forma a la misma. Se constituyen como “pequeños mundos” en los que las actividades públicas tienen su proyección de forma privada, ya sea en aspectos sociales, económicos, culturales religioso etc. Por lo tanto, creemos que el estudio en conjunto de una ciudad debe de poseer un profundo conocimiento de las estructuras en las que vivían sus ciudadanos, puesto que son el mejor vestigio de cómo eran las civilizaciones en su estado más puro. Siguiendo esta idea, este trabajo se constituye como el marco teórico e historiográfico y el preámbulo de un tesis doctoral, cuyo objetivo va encaminado al estudio de la vivienda hispanorromana de la ciudad de Caesaraugusta, analizando por lo tanto la evolución y el estado de la cuestión en el cual se encuentran los estudios sobre edilicia romana, no solo en esta ciudad sino también a nivel peninsular y a nivel europeo.</subfield>
        </datafield>
        <datafield tag="521" ind1=" " ind2=" ">
            <subfield code="a">Máster Universitario en Mundo Antiguo y Patrimonio Arqueológico</subfield>
        </datafield>
        <datafield tag="540" ind1=" " ind2=" ">
            <subfield code="a">Derechos regulados por licencia Creative Commons</subfield>
        </datafield>
        <datafield tag="700" ind1=" " ind2=" ">
            <subfield code="a">Magallón Botaya, María Ángeles</subfield>
            <subfield code="e">dir.</subfield>
        </datafield>
        <datafield tag="710" ind1="2" ind2=" ">
            <subfield code="a">Universidad de Zaragoza</subfield>
            <subfield code="b">Ciencias de la Antigüedad</subfield>
            <subfield code="c">Arqueología</subfield>
        </datafield>
        <datafield tag="856" ind1="0" ind2=" ">
            <subfield code="f">648588@celes.unizar.es</subfield>
        </datafield>
        <datafield tag="856" ind1="4" ind2=" ">
            <subfield code="s">2936241</subfield>
            <subfield code="u">http://zaguan.unizar.es/record/58574/files/TAZ-TFM-2016-1197.pdf</subfield>
            <subfield code="y">Memoria (spa)</subfield>
        </datafield>
        <datafield tag="909" ind1="C" ind2="O">
            <subfield code="o">oai:zaguan.unizar.es:58574</subfield>
            <subfield code="p">driver</subfield>
            <subfield code="p">trabajos-fin-master</subfield>
        </datafield>
        <datafield tag="950" ind1=" " ind2=" ">
            <subfield code="a"></subfield>
        </datafield>
        <datafield tag="951" ind1=" " ind2=" ">
            <subfield code="a">deposita:2017-01-26</subfield>
        </datafield>
        <datafield tag="980" ind1=" " ind2=" ">
            <subfield code="a">TAZ</subfield>
            <subfield code="b">TFM</subfield>
            <subfield code="c">FFYL</subfield>
        </datafield>
    </record>

    
</collection>